000 00628nam a2200229Ia 4500
003 OSt
005 20221007075547.0
006 a|||||r|||| 00| 0
007 ta
008 221006b |||||||| |||| 00| 0 eng d
024 _a11,531
037 _cTextual
040 _aFLL
_cFLL
_beng
041 _2eng
_aeng
082 _aVI(Q7).N7, M1
100 _aMoazzam Anwar Au.
_9585857
245 0 _aIslam and contemporary muslim world
260 _aNew Delhi
_bLight and life publishers India
_c1981
300 _a212p
_ccm.
942 _hVI(Q7).N7, M1
_cTEXL
_2CC
999 _c1156534
_d1156534